Politika Európskej únie voči malým a stredným podnikom - inšpirácia pre Slovenskú republiku
Európska integrácia a jednotný vnútorný trh (JVT) Európskej únie(EÚ). Malé a stredné podniky v podmienkach JVT EÚ. Vplyv JVT na slovenské firmy. Súčasný stav a podpora rozvoja malých a stredných podnikov na Slovensku.
Uložené v:
| Hlavný autor: | |
|---|---|
| Médium: | Kapitola |
| Jazyk: | Slovak |
| Predmet: | |
| Tagy: |
Žiadne tagy, Buďte prvý, kto otaguje tento záznam!
|
MARC
| LEADER | 00000naa a2200000 4500 | ||
|---|---|---|---|
| 001 | r023948 | ||
| 005 | 20221205090159.3 | ||
| 041 | 0 | |a slo | |
| 044 | |a SK | ||
| 245 | 1 | 0 | |a Politika Európskej únie voči malým a stredným podnikom - inšpirácia pre Slovenskú republiku |c Ľubomír Michník |
| 520 | |a Európska integrácia a jednotný vnútorný trh (JVT) Európskej únie(EÚ). Malé a stredné podniky v podmienkach JVT EÚ. Vplyv JVT na slovenské firmy. Súčasný stav a podpora rozvoja malých a stredných podnikov na Slovensku. | ||
| 610 | 2 | 0 | |a podnik malý |
| 610 | 2 | 0 | |a podnik stredný |
| 610 | 2 | 0 | |a Európska únia |
| 610 | 2 | 0 | |a trh vnútorný |
| 610 | 2 | 0 | |a politika hospodárska |
| 610 | 2 | 0 | |a integrácia ekonomická medzinárodná |
| 610 | 2 | 0 | |a poradenstvo |
| 610 | 2 | 0 | |a strediská informačné |
| 610 | 2 | 0 | |a Slovensko |
| 610 | 2 | 0 | |a podnikanie |
| 610 | 2 | 0 | |a programy rozvojové |
| 100 | 1 | |a Michník, Ľubomír | |